| 000 | 00474nam a22001817a 4500 | ||
|---|---|---|---|
| 005 | 20260105154148.0 | ||
| 008 | 260105b |||||||| |||| 00| 0 eng d | ||
| 037 | _cTB | ||
| 040 |
_aAL _cAL |
||
| 084 | _qAL | ||
| 100 |
_aNational Information _9861945 |
||
| 245 | _aPolicies and Programmes... | ||
| 260 |
_aDelhi, India: _bILA, _c1991 |
||
| 300 | _a463 p. | ||
| 365 |
_b300.00 _cINR |
||
| 942 |
_2CC _cTB _n0 |
||
| 999 |
_c1466914 _d1466914 |
||